[Event "Suhar op"]
[Site "Suhar"]
[Date "2024.12.14"]
[Round "5"]
[White "Mohamed, Fadil Syed Ibrahim"]
[Black "Mohamed, Taha Elsayed"]
[Result "1-0"]
[WhiteElo "1552"]
[BlackElo "1758"]
[PlyCount "57"]
[EventDate "2024.12.12"]
[EventType "swiss"]
[EventRounds "7"]
[EventCountry "OMN"]
[SourceTitle "CB52_2024"]
[SourceDate "2024.12.25"]
[SourceVersion "1"]
[SourceVersionDate "2024.12.25"]
[SourceQuality "1"]

1. d4 d6 2. Nf3 c6 3. Bf4 Nd7 4. e3 e5 5. dxe5 dxe5 6. Nxe5 Qa5+ 7. Qd2 Qb6 8. Nc4 Qc5 9. Bd6 Bxd6 10. Nxd6+ Kf8 11. Nxc8 Rxc8 12. Qxd7 Qa5+ 13. Qd2 Qb6 14. a3 Ne7 15. Qb4 Qc7 16. Nc3 Rd8 17. Bd3 g6 18. 0-0-0 Kg7 19. Be4 b5 20. Qc5 Rhe8 21. Nd5 Nxd5 22. Bxd5 Qe5 23. Qxc6 Rc8 24. Qd7 Rc7 25. Qg4 Rec8 26. Qd4 Rxc2+ 27. Kb1 Qxd4 28. Rxd4 Rxf2 29. Rc1 1-0